00936cam a2200277 a 45000010008000000030004000080050017000120080041000290100017000700200027000870250014001140400019001280430012001470500025001590820026001841000022002102450106002322600037003383000071003755000020004465040032004666500043004986500056005416500034005977000027006314830426OSt20200616102251.0890427s1989 ii abf b 001 0 eng  a 89900932  a8170350565 :cRs160.00 aI E 59480 aDLCcoclcdDLC aa-ii---00aHN690.G348bS46 198900a307.1412095414bSEN/E aSen, Suklad1948-10aEvolution of rural settlements in West Bengal, 1850-1985 :ba case study /cSukla Sen ; Jyotirmoy Sen aDelhi :bDaya Pub. House,c1989. axx, 168 p., [4] p. of plates :bill., maps (some folded) ;c23 cm. aIncludes index. aBibliography: p. [159]-164. 0aHuman settlementszIndiazWest Bengal. 0aVillageszGanges River Delta (Bangladesh and India) 0aVillageszIndiazWest Bengal.1 aSen, Jyotirmoy,d1951-